Získavanie údajov súradnicovým meraním a vplyv reverzného geometrického modelovania na presnosť parametrov 3D CAD modelov
Saved in:
| Main Author: | |
|---|---|
| Other Authors: | |
| Format: | Manuscript Book |
| Language: | Slovak |
| Published: |
2025
|
| Subjects: | |
| Online Access: | http://is.stuba.sk/zp/portal_zp.pl?podrobnosti=183963 |
| Tags: |
No Tags, Be the first to tag this record!
|
MARC
| LEADER | 00000ntm a22000003a 4500 | ||
|---|---|---|---|
| 001 | stuzp105411 | ||
| 003 | SK-STU | ||
| 005 | 20250614213830.7 | ||
| 007 | ta | ||
| 008 | 150427s2015----xo-----f-mn---000-0-slo-d | ||
| 040 | |a STU |b slo | ||
| 041 | 0 | |a slo | |
| 100 | 1 | |a Beňo, Radovan |u 063000 |4 aut |U MTF Materiálovotechnologická fakulta |T MTF Ústav výrobných technológií |X 111794 |U M3000 |Y 83 |7 111794 | |
| 242 | 0 | 1 | |a Data Acquisition by Coordinate Measurement and the Impact of Reverse Geometric Modeling on the Accuracy of 3D CAD Model Parameters |y eng |
| 245 | 1 | 0 | |a Získavanie údajov súradnicovým meraním a vplyv reverzného geometrického modelovania na presnosť parametrov 3D CAD modelov |
| 260 | |c 2025 | ||
| 650 | 4 | |a Autodesk PowerShape |2 eng | |
| 650 | 4 | |a GOM Inspect |2 eng | |
| 650 | 4 | |a FDM |2 eng | |
| 650 | 4 | |a coordinate measuring machine |2 eng | |
| 650 | 4 | |a dimensional deviations |2 eng | |
| 650 | 4 | |a reverse geometric modeling |2 eng | |
| 650 | 4 | |a 3D CAD model |2 eng | |
| 650 | 4 | |a reverse engineering |2 eng | |
| 650 | 4 | |a rozmerové odchýlky |2 slo | |
| 650 | 4 | |a reverzné geometrické modelovanie |2 slo | |
| 650 | 4 | |a reverzné inžinierstvo |2 slo | |
| 650 | 4 | |a 3D CAD model |2 slo | |
| 650 | 4 | |a Autodesk PowerShape |2 slo | |
| 650 | 4 | |a GOM Inspect |2 slo | |
| 650 | 4 | |a FDM |2 slo | |
| 650 | 4 | |a súradnicový merací stroj |2 slo | |
| 700 | 1 | |a Buranský, Ivan |u 063000 |k Z1 |4 ths |U MTF Materiálovotechnologická fakulta |T MTF Ústav výrobných technológií |X 4587 |U M3000 |Y 83 |7 A000004587 | |
| 856 | 4 | |u http://is.stuba.sk/zp/portal_zp.pl?podrobnosti=183963 | |
| 996 | |c M* DP-15487 |l MMSKP |s P |a 0 |w stuzp105411_0001 | ||